| 000 | 00381nam a22001457a 4500 | ||
|---|---|---|---|
| 005 | 20240708113051.0 | ||
| 008 | 240708b |||||||| |||| 00| 0 eng d | ||
| 020 | _a978-81-931824-1-3 | ||
| 041 | _aeng | ||
| 100 |
_aGUPT, DR. BAJRANG LAL _98448 |
||
| 245 | _aPARYAVARAN PREMI BHARTIYA DRISHTI | ||
| 260 |
_aNEW DELHI _bSHIKSHA SANSKRITI UTTHAN NYAS |
||
| 300 | _a31;P | ||
| 942 | _cBK | ||
| 999 |
_c8558 _d8556 |
||